Madame Chrysanthème

Bibliographic Details
Main Author: Loti, Pierre, 1850-1923 (Author)
Format: Book
Language:French
PhysicalDescription:III strany, 304 strán 18 cm
Published: Paris Calmann Lévy, Éditeur 1893
Edition:Deuxième Édition
Subjects:

MARC

LEADER 00000nam a2200000 4500
001 vtls012159025
003 SK-MaSNL
005 20260301105515.0
008 230123s1893 fr 0 0n0 fre
015 |a SNBHFA 
040 |a SNKHF  |b slo  |c SNKHF  |e rda 
041 0 |a fre 
044 |a fr  |c FR 
072 7 |a 821.133.1  |x Francúzska literatúra, francúzsky písaná  |2 konspekt 
080 |a 821.133.1  |2 2011 
100 1 |a Loti, Pierre,  |d 1850-1923  |4 aut  |9 399645 
245 1 0 |a Madame Chrysanthème  |c Par Pierre Loti 
250 |a Deuxième Édition 
264 1 |a Paris  |b Calmann Lévy, Éditeur  |c 1893 
264 3 |a Évreux  |b Imprimerie De Charles Hérissey  |c 1893 
300 |a III strany, 304 strán  |c 18 cm 
336 |a text  |b txt  |2 rdacontent 
337 |a bez média  |b n  |2 rdamedia 
338 |a zväzok  |b nc  |2 rdacarrier 
508 |a Predslov 
546 |a Francúzština  |b Antikva 
561 |a Exlibris: Szepes-Görgői Könyvtár.  |5 SNK ID 103182 
561 |a Okrúhla pečiatka: Szepes-Görgő.  |5 SNK ID 103182 
561 |a Rukopisný provenienčný záznam na titulnom liste: Anna Csáky.  |5 SNK ID 103182 
650 0 7 |a francúzska literatúra  |2 SNKPH  |9 1186 
650 0 7 |a próza  |2 SNKPH  |9 1490 
700 1 |a Čákiová, Anna,  |d 1854-1927  |4 fmo  |9 220570 
710 2 |a Knižnica Čákiovcov (Spišský Hrhov, Slovensko)  |4 fmo  |9 261844 
752 |a Francúzsko  |d Paríž 
852 |a snk  |b Historické fondy  |p ID 103182 
958 |a DF 
958 |a ONDV 
999 |c 701039  |d 702969 
952 |t SG 86/91  |a SNK  |b SNK  |c SNK_HF  |y PREZ  |7 0  |p 17A1485994  |o snkID 103182  |i snk2023/1305  |8 5  |0 0  |1 0  |4 0  |d 2023-01-23  |l 0  |r 2026-02-23 20:57:07  |w 2026-02-23